Estudios laborales / (Record no. 147504)

MARC details
000 -LEADER
fixed length control field 00454cam a2200157 4500
008 - FIXED-LENGTH DATA ELEMENTS--GENERAL INFORMATION
fixed length control field 090602t20032003sp 000 0 spa u
020 ## - INTERNATIONAL STANDARD BOOK NUMBER
International Standard Book Number 8497721888
050 04 - LIBRARY OF CONGRESS CALL NUMBER
Classification number KKT1270.E7
Item number G73 2003
100 1# - MAIN ENTRY--PERSONAL NAME
Personal name Grau Morancho, Ramiro
245 10 - TITLE STATEMENT
Title Estudios laborales /
Statement of responsibility, etc Ramiro Grau Morancho.
250 ## - EDITION STATEMENT
Edition statement 1a ed.
260 ## - PUBLICATION, DISTRIBUTION, ETC. (IMPRINT)
Place of publication, distribution, etc Madrid, España :
Name of publisher, distributor, etc DYKINSON,
Date of publication, distribution, etc 2003
300 ## - PHYSICAL DESCRIPTION
Extent 149 páginas ;
Dimensions 24 cm.
650 #7 - SUBJECT ADDED ENTRY--TOPICAL TERM
Topical term or geographic name as entry element Derecho laboral
Geographic subdivision España
Source of heading or term Lemb
942 ## - ADDED ENTRY ELEMENTS (KOHA)
Source of classification or shelving scheme Biblioteca del Cogreso de los Estados Unidos
Koha item type Libro
Holdings
Estado de pérdida Fuente de clasificación Estado del daño No para préstamo Ubicación permanente Ubicación actual Apartado o colección Fecha de adquisición Edición Dependencia de educación superior (DES) Área del conocimiento Total Checkouts Clasificación Código de Barras Date last seen Número de copia Costo por reposición Tipo de recurso
  Biblioteca del Cogreso de los Estados Unidos     Biblioteca de la Facultad de Derecho y Ciencias Sociales "Felipe J. Tena" Biblioteca de la Facultad de Derecho y Ciencias Sociales "Felipe J. Tena" General 26/05/2022 1a ed. Derecho Ciencias Sociales y Administrativas   KKT1270.E7 G73 2003 BFD000013162 26/05/2022 1 1.00 Libro